Joint Memorandum To Parliament By Ministry Of Finance And Ministry Of Roads And Highways On The Agreement Between The Republic Of Ghana And The African Development Bank Fund(ADF) For A Concessional Loan Of An Amount Of Sixty Million Units Of Account (UA60,000,000.00) Equivalent To Eighty Three Million, Four Hundred Thousand United States Dollors (US$83,400,000.00) For The Accra Urban Transportation Project (AUTP) (Record no. 4734)

MARC details
000 -LEADER
fixed length control field 00990nam a22001817a 4500
003 - CONTROL NUMBER IDENTIFIER
control field OSt
005 - DATE AND TIME OF LATEST TRANSACTION
control field 20241112112910.0
008 - FIXED-LENGTH DATA ELEMENTS--GENERAL INFORMATION
fixed length control field 241112b |||||||| |||| 00| 0 eng d
041 ## - LANGUAGE CODE
Language code of text/sound track or separate title English
082 ## - DEWEY DECIMAL CLASSIFICATION NUMBER
Classification number PM/AUTP/16 Acc. No. 10,253
100 ## - MAIN ENTRY--PERSONAL NAME
Personal name TERKPER E. Seth And FUSEINI Inusah Alhaji
110 ## - MAIN ENTRY--CORPORATE NAME
Corporate name or jurisdiction name as entry element Ministry Of Finance And Ministry Of Roads And Highways
245 ## - TITLE STATEMENT
Title Joint Memorandum To Parliament By Ministry Of Finance And Ministry Of Roads And Highways On The Agreement Between The Republic Of Ghana And The African Development Bank Fund(ADF) For A Concessional Loan Of An Amount Of Sixty Million Units Of Account (UA60,000,000.00) Equivalent To Eighty Three Million, Four Hundred Thousand United States Dollors (US$83,400,000.00) For The Accra Urban Transportation Project (AUTP)
260 ## - PUBLICATION, DISTRIBUTION, ETC.
Place of publication, distribution, etc. Accra
Name of publisher, distributor, etc. Ministry Of Finance And Ministry Of Roads And Highways
Date of publication, distribution, etc. October, 2016
300 ## - PHYSICAL DESCRIPTION
Extent 7p.1Map; 1Pic
650 ## - SUBJECT ADDED ENTRY--TOPICAL TERM
Source of heading or term Accra Urban Transportation Project (AUTP)
942 ## - ADDED ENTRY ELEMENTS (KOHA)
Source of classification or shelving scheme Dewey Decimal Classification
Koha item type Memorandum
Suppress in OPAC No
Holdings
Withdrawn status Lost status Source of classification or shelving scheme Damaged status Not for loan Home library Current library Shelving location Date acquired Total checkouts Full call number Date last seen Copy number Price effective from Koha item type
    Dewey Decimal Classification     Main Library Main Library Open Shelves 12/11/2024   PM/AUTP/16 Acc. No. 10,253 12/11/2024 1 12/11/2024 Memorandum
©2026  Parliament of Ghana Library - All rights reserved